000 00425nam a2200181Ia 4500
001 13909
005 20260306164835.0
008 260306t2009||||xx |||||||||||||| ||spa||
041 _aESP
082 _a005.43U
_bM18
100 _aMako Hill, Benjamin
_eAUT
245 0 _aEl libro oficial de Ubuntu
260 _c2009
300 _a482 páginas :
_c23 cm.
650 _aGEN
654 _aCCC
942 _cLIB
_dJUS
_fJUS
_2ddc
_n
999 _c13909
_d13909